Tratado de contabilidad industrial (Record no. 178474)

MARC details
000 -LEADER
campo de control de longitud fija 00920nam a22002415i 4500
001 - NÚMERO DE CONTROL
campo de control 178474
003 - IDENTIFICADOR DE NÚMERO DE CONTROL
campo de control ES-MaACL
005 - FECHA Y HORA DE LA ÚLTIMA TRANSACCIÓN
campo de control 20250902030433.0
008 - DATOS DE LONGITUD FIJA--INFORMACIÓN GENERAL
campo de control de longitud fija 110602s1967 sp |||| | spa d
080 ## - NÚMERO DE LA CLASIFICACIÓN DECIMAL UNIVERSAL
Número de la Clasificación Decimal Universal 657:658(035)
080 ## - NÚMERO DE LA CLASIFICACIÓN DECIMAL UNIVERSAL
Número de la Clasificación Decimal Universal 658:657(035)
100 1# - ENTRADA PRINCIPAL--NOMBRE DE PERSONA
Nombre de persona Bourquin, Maurice.
9 (RLIN) 31019
245 10 - MENCIÓN DEL TÍTULO
Título Tratado de contabilidad industrial
Resto del título : con aplicación de costes standard /
Mención de responsabilidad, etc. M. Bourquin ; versión española Francisco Hortelano ; prólogo Francisco Javier Ramos Díaz.
260 ## - PUBLICACIÓN, DISTRIBUCIÓN, ETC.
Lugar de publicación, distribución, etc. Madrid :
Nombre del editor, distribuidor, etc. ICE,
Fecha de publicación, distribución, etc. imp. 1967.
300 ## - DESCRIPCIÓN FÍSICA
Extensión XX, 477 p. ;
Dimensiones 25 cm.
490 1# - MENCIÓN DE SERIE
Mención de serie Selecciones de economía de la empresa ;
Designación de volumen o secuencia 2
650 04 - PUNTO DE ACCESO ADICIONAL DE MATERIA--TÉRMINO DE MATERIA
Término de materia o nombre geográfico como elemento de entrada Contabilidad.
9 (RLIN) 11307
700 0# - ENTRADA AGREGADA--NOMBRE PERSONAL
Nombre de persona Hortelano Hernández, Francisco.
9 (RLIN) 64264
700 1# - ENTRADA AGREGADA--NOMBRE PERSONAL
Nombre de persona Ramos Díaz, Francisco Javier.
9 (RLIN) 146864
830 00 - PUNTO DE ACCESO ADICIONAL DE SERIE-TÍTULO UNIFORME
Título uniforme Selecciones de economía de la empresa (ICE)
Designación de volumen o secuencia 2
9 (RLIN) 190989
852 ## - LOCALIZACIÓN
Ubicación ES-MaACL
Número de control de estantería E-15223
Encuadernación Olim P-1278
Holdings
Estatus retirado Estado de pérdida Estado de daño No para préstamo Biblioteca de origen Biblioteca actual Ubicación en estantería Fecha de adquisición Fuente de adquisición Total de préstamos Signatura topográfica completa Código de barras Visto por última vez Precio de reemplazo Tipo de ítem Koha
        Biblioteca del Ateneo de Madrid Biblioteca del Ateneo de Madrid Depósito 2 02/06/2011     E-15223 1187476 23/02/2023 23/02/2023 Libro impreso